00334pab a2200121 454500008004000000100001900040245005800059260000900117300001300126362001200139650001000151773005100161180718b2014 xxu||||| |||| 00| 0 eng d aSarkar, Tuhina aNER-Myanmar border trade: Emerging issue and concerns c2014 ap.37-42. aJul-Dec aTrade aSouth Asian Journal of Socio-Political Studies